000 00746nam a2200241 a 4500
001 000014661
003 DO-SdBNP
005 20230719101750.0
008 100118s2007 dr 000 p spa d
020 _a9945978420166
040 _aDO-SdBNP
_bspa
_cBPMSU
082 _aRD861.44
_bM971e
_222
100 1 _aMuñoz, Orlando
_d1972-
245 1 0 _aEntre pétalo y espina /
_cOrlando Peña.
260 _aSanto Domingo :
_bAngeles de Fierro;
_bEditora Nacional,
_c2007.
300 _a80 p. ;
_c17 cm.
500 _aIncluye datos biográficos del autor en la solapade la cubierta
590 _6Inventariado, 2023/VM
650 4 _aPoesía dominicana
650 4 _aLiteratura dominicana.
910 _aVMateo V. Control de calidad BPMSU
942 _2ddc
_cBK
999 _c14432
_d14432